[Event "CAN-ch U16"]
[Site "chess.com"]
[Date "2020.11.08"]
[Round "6.71"]
[White "Field, Josiah"]
[Black "Huang, Patrick"]
[Result "0-1"]
[WhiteElo "1550"]
[BlackElo "2134"]
[PlyCount "62"]
[EventDate "2020.11.08"]
[EventType "swiss (rapid)"]
[EventRounds "6"]
[EventCountry "CAN"]

1. d4 Nf6 2. c4 e6 3. Nc3 Bb4 4. Nf3 b6 5. Bg5 Bb7 6. e3 h6 7. Bh4 Bxc3+ 8.
bxc3 d6 9. Be2 Nbd7 10. O-O g5 11. Bg3 Ne4 12. Qd3 f5 13. Nd2 Ndf6 14. f3 Nxg3
15. hxg3 Qd7 16. Kf2 O-O-O 17. a4 a5 18. Rfb1 e5 19. d5 f4 20. gxf4 gxf4 21. e4
Qg7 22. Bf1 Nd7 23. Nb3 Nc5 24. Qe2 Qg3+ 25. Kg1 h5 26. Qf2 Qg5 27. Nxc5 dxc5
28. Kh2 h4 29. Rb2 Rd6 30. Be2 Rg6 31. Rbb1 h3 0-1

[Event "CAN-ch U16"]
[Site "chess.com"]
[Date "2020.11.08"]
[Round "6.73"]
[White "Qiu, Andrew Yu"]
[Black "Liu, Harrison (Hangchen)"]
[Result "1/2-1/2"]
[WhiteElo "1462"]
[BlackElo "1714"]
[PlyCount "116"]
[EventDate "2020.11.08"]
[EventType "swiss (rapid)"]
[EventRounds "6"]
[EventCountry "CAN"]

1. e4 d5 2. exd5 Nf6 3. Nf3 Nxd5 4. d4 Bg4 5. Be2 e6 6. O-O Nc6 7. c3 Be7 8.
Re1 O-O 9. Nbd2 a6 10. Qc2 Bf5 11. Bd3 Ndb4 12. cxb4 Nxb4 13. Bxf5 Nxc2 14.
Bxc2 c5 15. dxc5 Bxc5 16. Ne4 Be7 17. Bb3 Rc8 18. Neg5 Bxg5 19. Bxg5 Qb6 20.
Ne5 Rfe8 21. Rad1 Qa5 22. Bh4 Rc7 23. Bd8 Qxe1+ 24. Rxe1 Rxd8 25. h3 Kf8 26.
Nf3 h6 27. Kh2 Rd6 28. Ne5 Rc5 29. Ba4 Ke7 30. b4 Rcd5 31. Bb3 Rd4 32. a3 f6
33. Nc4 Rd8 34. Na5 e5 35. Nxb7 Rc8 36. Nc5 a5 37. Ne6 Rd3 38. Nc5 Rxc5 39.
bxc5 Rxb3 40. f4 Ke6 41. fxe5 fxe5 42. Rc1 Kd7 43. Re1 Kc6 44. Rxe5 Rxa3 45.
Re7 Kxc5 46. Rxg7 Rb3 47. h4 a4 48. Ra7 a3 49. g4 Kc4 50. g5 hxg5 51. hxg5 Kc3
52. Ra8 Kb2 53. g6 Rb7 54. Rf8 a2 55. Rf7 Rb6 56. g7 Rg6 57. Rb7+ Kc3 58. Ra7
Kb3 1/2-1/2

[Event "Carnaval"]
[Site "Quebec CAN"]
[Date "2020.02.14"]
[Round "1"]
[White "Ouellet, Maili-Jade"]
[Black "Drolet, Stephane"]
[Result "1/2-1/2"]
[WhiteElo "2355"]
[BlackElo "2115"]
[PlyCount "129"]
[EventDate "2020.02.14"]
[EventType "swiss"]
[EventRounds "5"]
[EventCountry "CAN"]

1. d4 e6 2. c4 Bb4+ 3. Bd2 a5 4. Nc3 Nf6 5. e4 Bxc3 6. Bxc3 O-O 7. Bd3 d5 8. e5
Ne4 9. Bxe4 dxe4 10. Ne2 b6 11. O-O Bb7 12. Qc2 Na6 13. Ng3 c5 14. Rad1 Qh4 15.
d5 Rfd8 16. Qxe4 Qxe4 17. Nxe4 exd5 18. Nd6 Rxd6 19. exd6 d4 20. Bd2 Bc8 21.
Rfe1 Be6 22. b3 Nb4 23. Bg5 Ra7 24. Bd8 Rb7 25. Bc7 Nc6 26. g4 Kf8 27. h3 h5
28. Re4 hxg4 29. hxg4 g5 30. Kh2 Ke8 31. Kg3 Kd7 32. Ree1 b5 33. cxb5 Rxb5 34.
Rc1 Nb4 35. a4 Rb7 36. Rxc5 Nd3 37. Rxe6 Nxc5 38. Re7+ Kc6 39. Rxf7 Rxb3+ 40.
Kg2 d3 41. Bxa5 Kxd6 42. Rf6+ Ne6 43. Bd2 Ke5 44. Rf5+ Ke4 45. Rf6 Nf4+ 46.
Bxf4 gxf4 47. Rd6 Rb4 48. a5 Rd4 49. Re6+ Kd5 50. Re1 d2 51. Rd1 Kc4 52. Kf3
Kd3 53. a6 Ra4 54. g5 Kc2 55. Rg1 d1=Q+ 56. Rxd1 Kxd1 57. a7 Ke1 58. g6 Rxa7
59. Kxf4 Kxf2 60. Kf5 Kg3 61. Kf6 Ra6+ 62. Kf7 Ra7+ 63. Kf8 Kf4 64. g7 Rxg7 65.
Kxg7 1/2-1/2

[Event "Carnaval"]
[Site "Quebec CAN"]
[Date "2020.02.15"]
[Round "2"]
[White "Drolet, Stephane"]
[Black "Dukic, Zachary"]
[Result "1-0"]
[WhiteElo "2115"]
[BlackElo "2403"]
[PlyCount "83"]
[EventDate "2020.02.14"]
[EventType "swiss"]
[EventRounds "5"]
[EventCountry "CAN"]

1. Nf3 Nf6 2. c4 g6 3. Nc3 Bg7 4. e4 d6 5. d4 O-O 6. h3 e5 7. d5 Nh5 8. g3 Na6
9. Bd3 f5 10. Nd2 Nf6 11. Nb3 c6 12. Bg5 Bd7 13. Qd2 cxd5 14. Nxd5 fxe4 15.
Bxf6 Bxf6 16. Bxe4 Bc6 17. h4 Rc8 18. O-O-O b5 19. Nxf6+ Qxf6 20. Bxc6 bxc4 21.
Na5 Nc5 22. Qd5+ Kh8 23. Nxc4 e4 24. Kb1 Nd3 25. Rxd3 exd3 26. f4 Qf5 27. Qd4+
Qf6 28. Qxf6+ Rxf6 29. Bd5 Rc5 30. Ne3 Rf8 31. Rd1 Rfc8 32. a3 a5 33. Rxd3 Rc1+
34. Ka2 a4 35. Be6 Re8 36. Bd7 Re4 37. Nd5 Re2 38. Bxa4 Rg2 39. Bd7 Rcc2 40.
Rb3 Rgd2 41. Rb8+ Kg7 42. Be6 1-0

[Event "Carnaval"]
[Site "Quebec CAN"]
[Date "2020.02.15"]
[Round "2"]
[White "Ouellet, Maili-Jade"]
[Black "Chabot, Roland"]
[Result "1-0"]
[WhiteElo "2355"]
[BlackElo "2174"]
[PlyCount "107"]
[EventDate "2020.02.14"]
[EventType "swiss"]
[EventRounds "5"]
[EventCountry "CAN"]

1. d4 d5 2. c4 e6 3. Nc3 Nf6 4. cxd5 exd5 5. Bg5 Be7 6. e3 O-O 7. Bd3 c6 8. Qc2
Nbd7 9. Nge2 Re8 10. O-O Nf8 11. f3 Ng6 12. Rad1 Be6 13. h3 Rc8 14. e4 dxe4 15.
fxe4 Qa5 16. Qd2 h6 17. Bxf6 Bxf6 18. Nd5 Bxd4+ 19. Nxd4 Qxd2 20. Rxd2 cxd5 21.
Nxe6 Rxe6 22. exd5 Rd6 23. Bxg6 fxg6 24. Re1 Rcd8 25. Re7 R8d7 26. Rxd7 Rxd7
27. Kf2 Kf7 28. Ke3 Ke7 29. Kd4 Rd6 30. Rd3 Rf6 31. Ra3 a6 32. Rb3 b6 33. g4
Kd7 34. Ke5 b5 35. a4 Rb6 36. axb5 axb5 37. Ra3 Rb7 38. Rf3 Ke8 39. d6 b4 40.
Ke6 g5 41. Rf1 Ra7 42. Rc1 Kd8 43. Rc4 Ra1 44. Rxb4 Re1+ 45. Kd5 Rd1+ 46. Kc5
Rc1+ 47. Rc4 Rb1 48. b4 Rb3 49. b5 Rxh3 50. b6 Rb3 51. Kc6 g6 52. b7 h5 53. Ra4
Rc3+ 54. Kd5 1-0

[Event "Carnaval"]
[Site "Quebec CAN"]
[Date "2020.02.15"]
[Round "3"]
[White "Hirschberg, Valerian"]
[Black "Drolet, Stephane"]
[Result "1-0"]
[WhiteElo "2284"]
[BlackElo "2115"]
[PlyCount "55"]
[EventDate "2020.02.14"]
[EventType "swiss"]
[EventRounds "5"]
[EventCountry "CAN"]

1. Nf3 d5 2. g3 Nf6 3. Bg2 c6 4. c4 dxc4 5. Qc2 Nbd7 6. Na3 Nb6 7. Nxc4 Nxc4 8.
Qxc4 Bf5 9. O-O Rc8 10. Ng5 Bg6 11. Bh3 Rb8 12. d3 h6 13. Nf3 Qd5 14. Qa4 a6
15. Bf4 Rd8 16. Ne5 Bh7 17. e4 Qb5 18. Qxb5 axb5 19. a4 bxa4 20. Rxa4 e6 21.
Ra7 g5 22. Be3 Rb8 23. Bb6 Bg7 24. Bc7 O-O 25. Bxb8 Rxb8 26. Rfa1 Nxe4 27. Nd7
Rd8 28. Ra8 1-0

[Event "Carnaval"]
[Site "Quebec CAN"]
[Date "2020.02.15"]
[Round "3"]
[White "Tanaka, Tyler"]
[Black "Chabot, Roland"]
[Result "1/2-1/2"]
[WhiteElo "2298"]
[BlackElo "2174"]
[PlyCount "64"]
[EventDate "2020.02.14"]
[EventType "swiss"]
[EventRounds "5"]
[EventCountry "CAN"]
[TimeControl "240+2"]

1. e4 c5 2. Nf3 Nc6 3. Nc3 Nf6 4. d4 cxd4 5. Nxd4 e5 6. Ndb5 d6 7. Bg5 a6 8.
Na3 b5 9. Nd5 Be7 10. Bxf6 Bxf6 11. c3 O-O 12. Nc2 Rb8 13. Be2 Bg5 14. O-O g6
15. Ncb4 Nxb4 16. Nxb4 Bb7 17. Bf3 a5 18. Nd5 Qd7 19. Qd2 Bd8 20. Rfd1 f5 21.
Qc2 Kh8 22. Rd3 Bc6 23. Rad1 Qb7 24. Qd2 f4 25. Rc1 Qa7 26. Qc2 Bd7 27. Rdd1
Rc8 28. Qe2 Bh4 29. Rc2 Rb8 30. Rdc1 Rbc8 31. Kf1 Rb8 32. Kg1 Rbc8 1/2-1/2

[Event "Carnaval"]
[Site "Quebec CAN"]
[Date "2020.02.16"]
[Round "4"]
[White "Drolet, Stephane"]
[Black "Prestia, Frank"]
[Result "1-0"]
[WhiteElo "2115"]
[BlackElo "2015"]
[PlyCount "79"]
[EventDate "2020.02.14"]
[EventType "swiss"]
[EventRounds "5"]
[EventCountry "CAN"]

1. d4 Nf6 2. Nf3 e6 3. Nbd2 b6 4. e4 Bb7 5. Bd3 c5 6. c3 cxd4 7. cxd4 Bb4 8.
Qe2 d6 9. O-O Bxd2 10. Bxd2 O-O 11. e5 Bxf3 12. Qxf3 Nd5 13. Qe4 g6 14. Bh6 Re8
15. f4 f5 16. exf6 Nd7 17. f7+ Kxf7 18. f5 gxf5 19. Rxf5+ N7f6 20. Rf3 Ke7 21.
Bg5 Rf8 22. Qxh7+ Rf7 23. Qh4 Qh8 24. Raf1 Qxh4 25. Bxh4 Rh8 26. Bg5 Rhf8 27.
Be4 Nc7 28. Bg6 Ncd5 29. Bxf7 Rxf7 30. Bxf6+ Rxf6 31. Rxf6 Nxf6 32. Rxf6 Kxf6
33. Kf2 Kf5 34. Kf3 e5 35. g4+ Kg5 36. dxe5 dxe5 37. h3 Kf6 38. h4 Kg6 39. Ke4
Kf6 40. g5+ 1-0

[Event "Carnaval"]
[Site "Quebec CAN"]
[Date "2020.02.16"]
[Round "4"]
[White "Saha, Ananda"]
[Black "Tanaka, Tyler"]
[Result "1/2-1/2"]
[WhiteElo "2235"]
[BlackElo "2298"]
[PlyCount "131"]
[EventDate "2020.02.14"]
[EventType "swiss"]
[EventRounds "5"]
[EventCountry "CAN"]

1. d4 Nf6 2. c4 g6 3. Nc3 d5 4. cxd5 Nxd5 5. e4 Nxc3 6. bxc3 Bg7 7. Nf3 c5 8.
Rb1 O-O 9. Be2 cxd4 10. cxd4 Qa5+ 11. Qd2 Qxd2+ 12. Bxd2 b6 13. Rc1 Bb7 14. d5
Na6 15. Be3 Rac8 16. O-O Bb2 17. Rb1 Ba3 18. Nd4 Bd6 19. Nc6 Nc5 20. Nxa7 Ra8
21. Nb5 Nxe4 22. Nxd6 Nxd6 23. Bf3 b5 24. Bh6 Rfd8 25. Rfe1 Nf5 26. Bg5 f6 27.
Bf4 Bxd5 28. Bc7 Rd7 29. Red1 e6 30. Rxb5 Rxa2 31. Bxd5 exd5 32. g4 Ne7 33. Bb6
Ra4 34. Bd4 Nc6 35. Bxf6 Rxg4+ 36. Kf1 Rf4 37. Bg5 Rf5 38. Bh4 d4 39. Rb6 Ne5
40. Re6 Kf7 41. Ra6 d3 42. Bg3 Nc4 43. Kg2 d2 44. Ra2 g5 45. h4 gxh4 46. Bxh4
Rd4 47. Bg3 Rb5 48. Rc2 Rb2 49. Rc3 Ra2 50. Rf3+ Ke6 51. Bf4 Rc2 52. Bxd2 Rdxd2
53. Rh1 Ne5 54. Rh6+ Kd5 55. Rh5 Re2 56. Rf8 Rc7 57. Kf1 Ra2 58. Re8 Rc1+ 59.
Kg2 Re1 60. Rd8+ Ke6 61. Rxh7 Ree2 62. Rf8 Rab2 63. Rh6+ Ke7 64. Rhf6 Nd7 65.
R8f7+ Ke8 66. Rf4 1/2-1/2

[Event "Carnaval"]
[Site "Quebec CAN"]
[Date "2020.02.16"]
[Round "5"]
[White "Hirschberg, Valerian"]
[Black "Huang, Qiuyu"]
[Result "1/2-1/2"]
[WhiteElo "2284"]
[BlackElo "2193"]
[Annotator "Boutin,Jean-Roger"]
[PlyCount "57"]
[EventDate "2020.02.14"]
[EventType "swiss"]
[EventRounds "5"]
[EventCountry "CAN"]
[TimeControl "240+2"]

{580MB, Fritz12.ctg, DESKTOP-I2BFU9F} 1. Nf3 {[%emt 0:00:00]} d5 2. g3 Nf6 3.
Bg2 e6 4. O-O c5 5. c4 d4 6. e3 Nc6 7. exd4 cxd4 8. d3 Be7 9. Na3 O-O 10. Re1
Nd7 11. Nc2 e5 12. a3 a5 13. b3 Re8 14. Rb1 Bd6 15. b4 axb4 16. axb4 Nf6 17. b5
Nb8 18. Bg5 Nbd7 19. Nb4 Ra3 20. Nd5 h6 21. Nxf6+ Nxf6 22. Bc1 Ra7 23. Qc2 b6
24. Bb2 Bb7 25. Ra1 Rxa1 26. Rxa1 Qb8 27. Nh4 Bxg2 28. Nxg2 Nd7 29. Ne1 1/2-1/2

[Event "Carnaval"]
[Site "Quebec CAN"]
[Date "2020.02.16"]
[Round "5"]
[White "Tanaka, Tyler"]
[Black "Drolet, Stephane"]
[Result "1/2-1/2"]
[WhiteElo "2298"]
[BlackElo "2115"]
[PlyCount "28"]
[EventDate "2020.02.14"]
[EventType "swiss"]
[EventRounds "5"]
[EventCountry "CAN"]

1. e4 e5 2. Nf3 Nf6 3. Nxe5 Nxe4 4. Qe2 Qe7 5. Qxe4 d6 6. d4 dxe5 7. dxe5 Nc6
8. Bb5 Bd7 9. O-O O-O-O 10. Nc3 Nxe5 11. Bxd7+ Nxd7 12. Qa4 a6 13. Be3 Qb4 14.
Qxb4 Bxb4 1/2-1/2

[Event "Chambly Elite"]
[Site "Chambly CAN"]
[Date "2020.02.02"]
[Round "1"]
[White "Beaudry, Marc-Andre"]
[Black "De Guise, Ronald"]
[Result "1-0"]
[WhiteElo "2051"]
[BlackElo "1237"]
[PlyCount "81"]
[EventDate "2020.02.02"]
[EventType "swiss"]
[EventRounds "3"]
[EventCountry "CAN"]

1. d4 d5 2. Nf3 Nc6 3. g3 Nf6 4. Bg2 h6 5. O-O Bf5 6. c4 dxc4 7. Qa4 Bd7 8.
Qxc4 e6 9. Nc3 a6 10. Ne5 Na5 11. Qd3 Bd6 12. f4 O-O 13. e4 Bb4 14. Nxd7 Qxd7
15. e5 Nd5 16. Nxd5 exd5 17. f5 f6 18. e6 Qe7 19. Rf4 g5 20. fxg6 Qxe6 21. Rh4
f5 22. Bxh6 Rf6 23. Qf3 c6 24. Qh5 Rxg6 25. Bg5 Rg7 26. Qh8+ Kf7 27. Qxa8 Rxg5
28. Rf1 Bd2 29. Qh8 Rg8 30. Qh7+ Ke8 31. Qh5+ Kd7 32. Qxf5 Be3+ 33. Kh1 Qxf5
34. Rxf5 Nc4 35. b3 Nb2 36. Rh7+ Kc8 37. Rff7 Nd1 38. Bh3+ Kd8 39. Rxb7 Nf2+
40. Kg2 Nxh3 41. Rb8# 1-0

[Event "Chambly Elite"]
[Site "Chambly CAN"]
[Date "2020.02.19"]
[Round "2"]
[White "Dubreuil, Raymond"]
[Black "Beaudry, Marc-Andre"]
[Result "0-1"]
[WhiteElo "1498"]
[BlackElo "2051"]
[PlyCount "86"]
[EventDate "2020.02.02"]
[EventType "swiss"]
[EventRounds "3"]
[EventCountry "CAN"]

1. Nf3 Nf6 2. c4 c5 3. g3 d5 4. cxd5 Nxd5 5. Bg2 Nc6 6. Nc3 Nc7 7. O-O e5 8. d3
Be7 9. e3 Bf5 10. Ne1 Qd7 11. e4 Be6 12. Be3 Rd8 13. a3 O-O 14. Qc2 Nd4 15.
Bxd4 cxd4 16. Ne2 Rc8 17. Qd2 Na6 18. b4 Qa4 19. Qb2 Nc7 20. Nf3 Nb5 21. Rfc1
Bd6 22. Nd2 Rxc1+ 23. Rxc1 Qxa3 24. Qxa3 Nxa3 25. Nc4 Nxc4 26. dxc4 Bxb4 27. c5
Rc8 28. Rb1 a5 29. f4 f6 30. f5 Bc4 31. Nc1 Bxc5 32. Bf1 Bxf1 33. Kxf1 b6 34.
Nd3 a4 35. Ra1 Ra8 36. Rc1 a3 37. Ne1 Bb4 38. Nc2 Bc3 39. Ke2 a2 40. Na1 Bxa1
41. Rxa1 b5 42. Kd3 Ra3+ 43. Kd2 b4 0-1

[Event "Chigorin Vancouver inv (online)"]
[Site "chess.com"]
[Date "2020.12.13"]
[Round "1"]
[White "Morozov, Grigorii"]
[Black "Hemstapat, Andrew"]
[Result "1/2-1/2"]
[WhiteElo "2437"]
[BlackElo "2245"]
[PlyCount "64"]
[EventDate "2020.12.13"]
[EventType "tourn (rapid)"]
[EventRounds "6"]
[EventCountry "CAN"]

1. Nf3 g6 2. g3 Bg7 3. Bg2 e5 4. d3 d6 5. O-O f5 6. c4 Nf6 7. Nc3 O-O 8. a3 a5
9. Qc2 Na6 10. Rb1 h6 11. b4 axb4 12. axb4 g5 13. e3 Qe8 14. d4 Kh8 15. b5 Nb8
16. dxe5 dxe5 17. Nd5 Rf7 18. Nd2 Nxd5 19. Bxd5 Rd7 20. Bg2 Rd8 21. Nb3 c6 22.
Nc5 e4 23. Bb2 Nd7 24. Bxg7+ Kxg7 25. Nxd7 Bxd7 26. Qb2+ Kg6 27. Rfd1 Be6 28.
Bf1 Rxd1 29. Rxd1 cxb5 30. cxb5 Rd8 31. Rc1 Qd7 32. Qa1 Qd6 1/2-1/2

[Event "Chigorin Vancouver inv (online)"]
[Site "chess.com"]
[Date "2020.12.20"]
[Round "4"]
[White "Hemstapat, Andrew"]
[Black "Morozov, Grigorii"]
[Result "1/2-1/2"]
[WhiteElo "2245"]
[BlackElo "2437"]
[PlyCount "65"]
[EventDate "2020.12.13"]
[EventType "tourn (rapid)"]
[EventRounds "6"]
[EventCountry "CAN"]

1. e4 e6 2. d4 d5 3. Nd2 Nf6 4. e5 Nfd7 5. Bd3 c5 6. c3 Nc6 7. Ne2 cxd4 8. cxd4
f6 9. exf6 Nxf6 10. O-O Bd6 11. Nf3 Qc7 12. g3 O-O 13. Bf4 e5 14. dxe5 Nxe5 15.
Nxe5 Bxe5 16. Rc1 Qd6 17. Re1 Bg4 18. Qb3 Bxf4 19. Nxf4 g5 20. Ng2 Rf7 21. h4
gxh4 22. Nxh4 Raf8 23. Bf5 Kh8 24. Re6 Qd8 25. Qe3 d4 26. Qf4 Bxf5 27. Nxf5 Qd5
28. Nxd4 Qxa2 29. Rc2 Qd5 30. Rd2 Qh5 31. Re5 Qg4 32. Ne6 Qxf4 33. Nxf4 1/2-1/2

[Event "Denys Laurin mem."]
[Site "Gatineau CAN"]
[Date "2020.01.21"]
[Round "1"]
[White "Berthiaume, Serge"]
[Black "Dupont-Mageau, Nicolas"]
[Result "0-1"]
[WhiteElo "1375"]
[BlackElo "1628"]
[PlyCount "56"]
[EventDate "2020.01.21"]
[EventType "swiss"]
[EventRounds "6"]
[EventCountry "CAN"]

1. d4 Nf6 2. Nf3 d5 3. Bf4 Bf5 4. e3 e6 5. Bb5+ c6 6. Ba4 Qa5+ 7. c3 Nbd7 8.
O-O b5 9. Bc2 Ne4 10. Nh4 Bg6 11. Nxg6 hxg6 12. Bxe4 dxe4 13. Nd2 f5 14. Qb3
Kf7 15. f3 exf3 16. Nxf3 Be7 17. a4 a6 18. e4 Qb6 19. exf5 gxf5 20. Rae1 c5 21.
dxc5 Nxc5 22. Qa2 Ne4+ 23. Be3 Qc7 24. Bd4 Bf6 25. Bf2 Be5 26. Nxe5+ Qxe5 27.
Bg3 Qc5+ 28. Kh1 Nxg3# 0-1

[Event "Denys Laurin mem."]
[Site "Gatineau CAN"]
[Date "2020.01.21"]
[Round "1"]
[White "Bourbonnais, Luc"]
[Black "Azar, Sebastien"]
[Result "0-1"]
[WhiteElo "1469"]
[BlackElo "1868"]
[PlyCount "78"]
[EventDate "2020.01.21"]
[EventType "swiss"]
[EventRounds "6"]
[EventCountry "CAN"]

1. Nf3 Nf6 2. g3 b6 3. Bg2 Bb7 4. O-O e6 5. d3 d5 6. c4 Nbd7 7. Nc3 c5 8. cxd5
exd5 9. d4 a6 10. Bg5 Qc7 11. Rc1 Bd6 12. Re1 h6 13. e4 dxe4 14. Bxf6 Nxf6 15.
Nd2 O-O-O 16. Ndxe4 Kb8 17. Nxf6 gxf6 18. d5 h5 19. Ne4 h4 20. Nxd6 Qxd6 21.
Qa4 hxg3 22. fxg3 Rh5 23. Rcd1 Rdh8 24. Re3 Rxh2 25. Re8+ Ka7 26. Rxh8 Rxh8 27.
Qf4 Qxf4 28. gxf4 b5 29. Kf2 Kb6 30. Re1 c4 31. Re7 Rg8 32. Rd7 b4 33. Re7 c3
34. bxc3 bxc3 35. Re2 Kc5 36. Ke1 Bxd5 37. Bxd5 Kxd5 38. Re7 Rg1+ 39. Ke2 c2
0-1

[Event "Denys Laurin mem."]
[Site "Gatineau CAN"]
[Date "2020.01.21"]
[Round "1"]
[White "Raymond, Daniel"]
[Black "Villeneuve, Denis"]
[Result "1-0"]
[WhiteElo "1866"]
[BlackElo "1445"]
[PlyCount "83"]
[EventDate "2020.01.21"]
[EventType "swiss"]
[EventRounds "6"]
[EventCountry "CAN"]

1. e4 d6 2. d4 Nf6 3. Nc3 Nbd7 4. f4 g6 5. Nf3 Bg7 6. Bd3 O-O 7. O-O e5 8. dxe5
dxe5 9. fxe5 Ng4 10. e6 Nde5 11. exf7+ Nxf7 12. Bc4 Qe8 13. Ng5 Ngh6 14. Be3 {
Df3 pour garder le clouage.} Kh8 15. Qd2 Nxg5 16. Rxf8+ Qxf8 17. Bxg5 Qc5+ 18.
Kh1 Ng4 19. Qd8+ Bf8 20. Bf6+ Nxf6 21. Qxf6+ Bg7 22. Qd8+ Qf8 23. Qxc7 Bh3 $2
24. Rf1 Qd8 25. Qxd8+ Rxd8 26. gxh3 a6 27. a4 Bxc3 28. bxc3 Rc8 29. Bb3 Rxc3
30. e5 Rc7 31. e6 Kg7 32. Rf7+ Rxf7 33. exf7 Kf8 34. Kg2 Ke7 35. Kg3 h6 36. Kg4
Kf8 37. h4 b5 38. axb5 axb5 39. Kf4 g5+ 40. hxg5 hxg5+ 41. Kxg5 b4 42. Kg6 1-0

[Event "Denys Laurin mem."]
[Site "Gatineau CAN"]
[Date "2020.01.21"]
[Round "1"]
[White "Rioux, Jocelyn"]
[Black "Fang, Johnny"]
[Result "1-0"]
[WhiteElo "1606"]
[BlackElo "1269"]
[PlyCount "65"]
[EventDate "2020.01.21"]
[EventType "swiss"]
[EventRounds "6"]
[EventCountry "CAN"]

1. e4 c5 2. Nf3 d6 3. c3 Nc6 4. Bb5 Bd7 5. O-O a6 6. Bxc6 Bxc6 7. d3 Nf6 8. Bf4
g6 9. Nbd2 Bg7 10. Qc2 O-O 11. d4 cxd4 12. Nxd4 Bd7 13. Be3 Ng4 14. Bg5 Rc8 15.
N2f3 h6 16. Bd2 Kh7 17. h3 Ne5 18. Nxe5 Bxe5 19. Nf3 Bg7 20. Rfe1 d5 21. exd5
Bf5 22. Qb3 b6 23. Be3 b5 24. Bd4 f6 25. Rad1 Rc7 26. Bb6 Qd6 27. Bxc7 Qxc7 28.
Qa3 Re8 29. d6 Qc6 30. Nd4 Qxd6 31. Qxd6 exd6 32. Rxe8 Bd7 33. Re7 1-0

[Event "Denys Laurin mem."]
[Site "Gatineau CAN"]
[Date "2020.01.21"]
[Round "1"]
[White "Zhao, Richie"]
[Black "Masse-Garneau, Anthony"]
[Result "0-1"]
[WhiteElo "1259"]
[BlackElo "1587"]
[PlyCount "96"]
[EventDate "2020.01.21"]
[EventType "swiss"]
[EventRounds "6"]
[EventCountry "CAN"]

1. e4 c5 2. Nf3 Nc6 3. d4 cxd4 4. Nxd4 e6 5. Be2 Nf6 6. Nc3 Be7 7. Bf4 d6 8.
Nxc6 bxc6 9. e5 dxe5 10. Qxd8+ Bxd8 11. Bxe5 O-O 12. Bf3 Nd5 13. Nxd5 exd5 14.
O-O-O Bg5+ 15. Kb1 Re8 16. Rhe1 Ba6 17. Bd4 Kf8 18. Bc5+ Be7 19. Bxe7+ Rxe7 20.
Rxe7 Kxe7 21. Re1+ Kf8 22. Bg4 Re8 23. Rxe8+ Kxe8 24. b4 Ke7 25. f4 Kd6 26. Bf3
Bc4 27. a4 d4 28. Kb2 Bd5 29. c3 Bxf3 30. gxf3 Kd5 31. cxd4 Kxd4 32. Kb3 a6 33.
h3 f5 34. h4 h5 35. a5 Kd3 36. Ka4 Kc2 37. Ka3 Kc3 38. Ka4 Kb2 39. b5 cxb5+ 40.
Kb4 Kc2 41. Kc5 Kc3 42. Kb6 b4 43. Kxa6 b3 44. Kb6 b2 45. a6 b1=Q+ 46. Ka7 Qb5
47. Ka8 Qxa6+ 48. Kb8 Qe6 0-1

[Event "Denys Laurin mem."]
[Site "Gatineau CAN"]
[Date "2020.01.28"]
[Round "2"]
[White "Arcand, Pierre"]
[Black "Latreille, Etienne"]
[Result "0-1"]
[WhiteElo "1259"]
[BlackElo "1757"]
[PlyCount "64"]
[EventDate "2020.01.21"]
[EventType "swiss"]
[EventRounds "6"]
[EventCountry "CAN"]

1. e4 d5 2. exd5 Qxd5 3. Nc3 Qa5 4. Nf3 Nf6 5. h3 Bf5 6. d3 e6 7. a3 c6 8. Be2
Bd6 9. O-O h6 10. Bd2 Qc7 11. Nd4 Bg6 12. Nf3 Nbd7 13. Be3 Nb6 14. Qd2 O-O-O
15. b4 Bh5 16. Qe1 g5 17. Bxb6 axb6 18. d4 g4 19. hxg4 Bxg4 20. Nh4 Rhg8 21. g3
Bh3 22. Ng2 h5 23. Kh2 Bxg2 24. Kxg2 h4 25. Kh1 hxg3 26. fxg3 Rxg3 27. Rf2 Rh8+
28. Rh2 Rxh2+ 29. Kxh2 Rxc3+ 30. Kg2 Rg3+ 31. Kf1 Qd8 32. c4 Qh8 0-1

[Event "Denys Laurin mem."]
[Site "Gatineau CAN"]
[Date "2020.01.28"]
[Round "2"]
[White "Azar, Sebastien"]
[Black "Masse-Garneau, Anthony"]
[Result "1-0"]
[WhiteElo "1868"]
[BlackElo "1587"]
[PlyCount "67"]
[EventDate "2020.01.21"]
[EventType "swiss"]
[EventRounds "6"]
[EventCountry "CAN"]

1. e4 c5 2. Nf3 Nc6 3. d4 cxd4 4. Nxd4 e6 5. Nc3 a6 6. Be3 Qc7 7. Be2 Nf6 8. f4
Bb4 9. Qd3 d5 10. e5 Ne4 11. Nxc6 Bxc3+ (11... Qxc6) 12. bxc3 Qxc6 13. Bd4 b5
14. O-O O-O 15. Rae1 Bd7 16. Bf3 f5 17. exf6 Nxf6 18. f5 Rae8 19. fxe6 Bxe6 20.
Rxe6 Rxe6 21. Bxf6 Rfxf6 22. Bxd5 Qb6+ 23. Qd4 (23. Kh1 Kh8 24. Bxe6 Rxf1+ 25.
Qxf1 Qxe6 26. Qf8+ Qg8 27. Qxg8+ Kxg8) 23... Qxd4+ $6 (23... Rxf1+ 24. Kxf1 Kf8
25. Bxe6 Qxe6) 24. cxd4 Kf7 25. Rxf6+ Kxf6 26. Bxe6 Kxe6 27. Kf2 Kd5 28. Ke3 a5
29. Kd3 b4 30. h3 a4 31. g3 a3 32. c4+ bxc3 33. Kxc3 Ke6 34. Kc4 1-0

[Event "Denys Laurin mem."]
[Site "Gatineau CAN"]
[Date "2020.01.28"]
[Round "2"]
[White "Labrie, Dany"]
[Black "Simard, Paul"]
[Result "0-1"]
[WhiteElo "1268"]
[BlackElo "1229"]
[PlyCount "62"]
[EventDate "2020.01.21"]
[EventType "swiss"]
[EventRounds "6"]
[EventCountry "CAN"]

1. e4 e5 2. Nf3 d6 3. Bc4 Be7 4. O-O Nf6 5. c3 O-O 6. h3 Nxe4 7. d3 Nf6 8. Be3
c6 9. a4 Nbd7 10. Nbd2 h6 11. Nh4 Nb6 12. Bb3 Nh7 13. Ng6 Re8 14. Qf3 Nf6 15.
Nh4 Nfd5 16. Qh5 Bxh4 17. f4 Be6 18. Ne4 Nxe3 19. Bxe6 Rxe6 20. Rf3 Nbd5 21. f5
Re8 22. c4 Nf4 23. Rxf4 exf4 24. Qf3 Qb6 25. Rb1 Nxf5+ 26. c5 dxc5 27. Qxf4 c4+
28. Kh1 Rxe4 29. dxe4 Ng3+ 30. Kh2 Qd8 31. Rc1 Bg5 0-1

[Event "Denys Laurin mem."]
[Site "Gatineau CAN"]
[Date "2020.02.04"]
[Round "3"]
[White "Berthiaume, Serge"]
[Black "Rioux, Jocelyn"]
[Result "0-1"]
[WhiteElo "1375"]
[BlackElo "1606"]
[PlyCount "68"]
[EventDate "2020.01.21"]
[EventType "swiss"]
[EventRounds "6"]
[EventCountry "CAN"]

1. d4 e6 2. Bf4 d5 3. e3 Nf6 4. Nf3 c6 5. Bd3 Bd6 6. Ne5 Qc7 7. Nd2 Nbd7 8.
Nxd7 Bxd7 9. Bxd6 Qxd6 10. Nf3 Qb4+ 11. Qd2 Qxb2 12. O-O Qa3 13. Rfb1 b5 14.
Ne5 Qd6 15. Qe2 O-O 16. c3 Rfc8 17. a4 a6 18. Ra2 Be8 19. Rba1 c5 20. axb5 c4
21. Rxa6 Rxa6 22. Rxa6 cxd3 23. Qxd3 Qc7 24. Nc6 Bxc6 25. Rxc6 Qb8 26. Ra6 Ne4
27. Rc6 Rxc6 28. bxc6 Nxc3 29. g3 Nb5 30. e4 dxe4 31. Qxe4 Qd6 32. d5 Qxd5 33.
Qf4 Qd8 34. Qc1 Qc7 0-1

[Event "Denys Laurin mem."]
[Site "Gatineau CAN"]
[Date "2020.02.04"]
[Round "3"]
[White "Dupont-Mageau, Nicolas"]
[Black "Azar, Sebastien"]
[Result "0-1"]
[WhiteElo "1628"]
[BlackElo "1868"]
[PlyCount "76"]
[EventDate "2020.01.21"]
[EventType "swiss"]
[EventRounds "6"]
[EventCountry "CAN"]

1. c4 c5 2. g3 g6 3. Bg2 Nc6 4. Nc3 Bg7 5. e4 d6 6. d3 e6 7. Nge2 Nge7 8. Rb1
a6 9. Bf4 Rb8 10. Na4 b5 11. Nac3 b4 12. Na4 e5 13. Bg5 Bg4 14. f3 Bd7 15. b3
O-O 16. h4 f6 17. Be3 h5 18. Qd2 Nd4 19. Nb2 Qa5 20. Nd1 Nec6 21. Nf2 Kf7 22.
g4 Nxe2 23. Kxe2 Rg8 24. Rbg1 Rh8 25. g5 f5 26. Bh3 Ne7 27. Rf1 Rhf8 28. Rh2
Qc7 29. f4 exf4 30. Bxf4 Bc3 31. Qc2 Nc6 32. Be3 Kg7 33. Nd1 Be5 34. Rhf2 f4
35. Bxd7 fxe3 36. Rxf8 Nd4+ 37. Kxe3 Nxc2+ 38. Kd2 Rxf8 0-1

[Event "Denys Laurin mem."]
[Site "Gatineau CAN"]
[Date "2020.02.04"]
[Round "3"]
[White "Fang, Johnny"]
[Black "Fang, Zhou"]
[Result "0-1"]
[WhiteElo "1269"]
[BlackElo "1485"]
[PlyCount "36"]
[EventDate "2020.01.21"]
[EventType "swiss"]
[EventRounds "6"]
[EventCountry "CAN"]

1. e4 e6 2. Nc3 Nc6 3. Nf3 Nge7 4. Bc4 g6 5. d3 Bg7 6. Bd2 O-O 7. Be3 d5 8.
exd5 exd5 9. Bb3 d4 10. Bd2 dxc3 11. Bxc3 Nd5 12. Bxg7 Re8+ 13. Be5 Nxe5 14.
O-O Bg4 15. d4 Nxf3+ 16. gxf3 Bh3 17. Ba4 Qg5+ 18. Kh1 Qg2# 0-1